[Event "DDR-ch32 Final"]
[Site "Cottbus"]
[Date "1983.02.17"]
[Round "11"]
[White "Espig, Lutz"]
[Black "Uhlmann, Wolfgang"]
[Result "0-1"]
[WhiteElo "2425"]
[BlackElo "2505"]
[Annotator "Belov,I"]
[PlyCount "89"]
[EventDate "1983.02.06"]
[EventType "tourn"]
[EventRounds "13"]
[EventCountry "DDR"]
[EventCategory "5"]
[SourceTitle "MCL"]
[Source "ChessBase"]
[SourceDate "1999.07.01"]
[SourceVersion "1"]
[SourceVersionDate "1999.07.01"]
[SourceQuality "1"]

1. Nf3 Nf6 2. d4 g6 3. Bg5 Bg7 4. c3 (4. Nbd2 c5 5. Bxf6 Bxf6 6. Ne4 Qb6 $10)
4... d6 (4... O-O 5. Nbd2 d5 $10) 5. Nbd2 h6 (5... O-O 6. e4 c5 7. dxc5 dxc5 8.
Be2 Nc6 9. O-O Qc7 $10) 6. Bh4 g5 $5 (6... O-O 7. e4 Nbd7 8. Be2 e5 9. dxe5
dxe5 10. O-O $14) 7. Bg3 Nh5 8. e4 Nd7 $5 9. Bd3 $6 (9. Nc4 $1 e6 (9... c6 $1 {
/\10...d5 Salov/}) 10. Nfd2 $1 Nxg3 11. hxg3 Qe7 12. Ne3 Nf6 13. Qb3 $1 c6 14.
O-O-O $14 {Salov,V-Smirin,I/URS-ch/1988/1/2-1/2/73/}) (9. Bc4 $5 e6 10. Qe2 Qe7
11. O-O-O a6 $6 (11... Nb6 $142 $10 {Khalifman/}) 12. Nb3 a5 13. a3 Nb6 14.
Bb5+ c6 15. Bd3 $14 {Khalifman,A-Wahls,M/Munich/1992/}) 9... c5 $1 10. d5 (10.
O-O $6 g4 11. Ne1 cxd4 12. cxd4 Bxd4 13. Qxg4 Ndf6 $17) (10. Nb3 $5) 10... O-O
11. a4 (11. Nxg5 $2 Nxg3 12. hxg3 Ne5 $1 13. Bc2 hxg5 14. Qh5 Re8 $17) (11. O-O
$5) 11... Ndf6 12. Nc4 $6 (12. O-O $142 e6 13. c4 $10) 12... Nxg3 13. hxg3 e6
$15 14. Ne3 (14. dxe6 Bxe6 15. Ne3 d5 16. exd5 Nxd5 17. Nxd5 Bxd5 $17) 14...
exd5 15. exd5 Ng4 16. Nf5 $2 (16. Nxg4 $142 Bxg4 17. O-O Qf6 $15) 16... Re8+
17. Kf1 Qf6 18. Nxg7 Kxg7 19. Qc2 Bd7 $17 20. Kg1 (20. Re1 $5 Rxe1+ 21. Kxe1
Re8+ 22. Kd1 {/\Re1=/}) 20... Re7 21. Nh2 $8 Ne5 22. Be4 (22. Be2 $5 Rae8 23.
Nf1) 22... Nc4 23. f3 Rae8 24. b3 (24. g4 Qf4 25. Nf1 Qe5 26. g3 Bxg4 $19)
24... Na5 $5 25. Rd1 c4 26. bxc4 (26. b4 Nb3 27. a5 b6 $5 (27... Bf5 $2 28.
Bxf5 Re2 29. Ng4 $18) 28. axb6 axb6 $17) 26... Nxc4 27. Rd4 b5 $1 28. axb5 Na3
29. Qb2 Nxb5 30. Ng4 $8 Bxg4 $8 31. Qxb5 Bf5 $1 $17 32. Bxf5 Qxf5 33. Kh2 (33.
Qd3 Qxd3 34. Rxd3 Re2 $17) 33... Re2 34. Qd3 Qf6 35. Ra4 R8e3 36. Qd4 Qxd4 37.
cxd4 Rxf3 38. Rxa7 Rff2 39. Rg1 Rd2 40. Ra6 Rf6 41. Ra4 g4 $1 42. Rga1 Rff2 43.
Rg1 Kg6 44. Ra6 Rf6 (44... Rf6 45. Ra4 Rf5 46. Re1 Rxd5 47. Rf1 Rf5 $19) 45.
Rga1 0-1

[Event "Bugojno"]
[Site "Bugojno"]
[Date "1978.03.03"]
[Round "5"]
[White "Spassky, Boris Vasilievich"]
[Black "Bukic, Enver"]
[Result "1-0"]
[WhiteElo "2630"]
[BlackElo "2500"]
[Annotator "Bulletin"]
[PlyCount "81"]
[EventDate "1978.02.27"]
[EventType "tourn"]
[EventRounds "15"]
[EventCountry "YUG"]
[EventCategory "14"]
[SourceTitle "MCL"]
[Source "ChessBase"]
[SourceDate "1999.07.01"]
[SourceVersion "1"]
[SourceVersionDate "1999.07.01"]
[SourceQuality "1"]

1. d4 Nf6 2. Nf3 g6 3. Bf4 Bg7 4. e3 O-O 5. Be2 d6 6. O-O Nbd7 (6... Nh5 $2 7.
Bg5 h6 8. Bh4 g5 $2 9. Nfd2) 7. h3 Qe8 (7... c5) 8. c4 e5 9. Bh2 Qe7 10. Nc3 e4
$2 (10... c6 11. Qc2 Ne8 12. b4 f5 13. c5 d5 14. dxe5 Nxe5 15. Nd4 Nf6 $10 {
Portisch,F-Butnoris, USSR 1969}) 11. Nd2 Re8 12. Nb5 $1 {/\c5} Qd8 13. c5 $1
$16 a6 14. cxd6 axb5 15. dxc7 Qe7 16. Bxb5 Bf8 17. Nc4 Qe6 18. Qc2 Qd5 (18...
Nd5 19. a3 {/\Rae1,f3}) 19. a4 Re6 20. Rfc1 Ne8 21. Qc3 Nef6 (21... Nd6 22.
Bxd7) 22. Ne5 Nb6 23. Nc4 Nfd7 24. Qb3 {/\a5} Rf6 25. Bxd7 Nxd7 26. Qb5 $1 $18
Qf5 27. Bg3 Rfa6 28. d5 Qf6 29. a5 h5 30. b4 h4 31. Bh2 Qf5 32. Rf1 g5 33. f3
Rg6 34. Rad1 exf3 35. Rxf3 Qc2 36. Rd2 Qc3 37. d6 Ra6 38. e4 Qc1+ 39. Rf1 Qc3
40. Qd5 Nf6 41. Rxf6 {*} 1-0

[Event "POL-ch 52nd"]
[Site "Warsaw"]
[Date "1995.??.??"]
[Round "1"]
[White "Matlak, Marek"]
[Black "Oliwa, Marek"]
[Result "1/2-1/2"]
[WhiteElo "2465"]
[BlackElo "2405"]
[Annotator "Bulletin"]
[PlyCount "192"]
[EventDate "1995.02.11"]
[EventType "tourn"]
[EventRounds "17"]
[EventCountry "POL"]
[EventCategory "8"]
[SourceTitle "EXT 1999"]
[Source "ChessBase"]
[SourceDate "1998.11.16"]
[SourceVersion "1"]
[SourceVersionDate "1998.11.16"]
[SourceQuality "1"]

1. d4 c5 2. e3 Nf6 3. Nf3 g6 4. dxc5 Qa5+ 5. c3 Qxc5 6. b4 Qc7 7. Bb2 Bg7 8.
Nbd2 O-O 9. Be2 b6 10. O-O Bb7 11. c4 d6 12. Rc1 Nbd7 13. Bd3 Rac8 14. Qb3 Qb8
15. Rfe1 Qa8 16. a3 Rfd8 17. Bf1 Nf8 18. Red1 Ne6 19. Nd4 Ng5 20. h4 Nge4 21.
Nxe4 Bxe4 22. Ne2 Bb7 23. Nc3 h6 24. Qa2 g5 25. hxg5 hxg5 26. Qb1 g4 27. Qf5 g3
28. f3 Bh6 29. Re1 Kg7 30. Qh3 Rg8 31. Qxg3+ Kf8 32. Qh3 Bg5 33. Kf2 Rd8 34.
Red1 (34. f4 $2 Bc8) 34... Bc8 35. Qh1 e6 (35... Kg7 36. Ne4 Rh8 37. Qg1) 36.
Bd3 Ke7 37. Ne4 Rh8 38. Qf1 Rdg8 39. Nxg5 Rxg5 40. Bxf6+ Kxf6 41. Be4 Bb7 42.
Bxb7 Qxb7 43. Qd3 (43. Rxd6 Rh2) 43... Rh2 44. Qd4+ Kg6 45. Rg1 Qb8 46. Qe4+
Kg7 47. Qf4 Rhh5 48. Rh1 Rf5 49. Qd4+ e5 50. Qe4 Rfg5 51. Rxh5 Rxh5 52. Qg4+
Kh6 53. Qd7 Kg7 54. Qg4+ Kh6 55. Qd7 Kg7 56. Rd1 Rh6 57. b5 Re6 58. Rh1 Rg6 59.
Rh5 Rf6 60. Qe7 Qc8 61. Rg5+ Rg6 62. Rxg6+ Kxg6 63. Qxd6+ f6 64. Qc6 Qf8 65.
Qe4+ Kh6 66. Qd3 Qe7 67. Qb3 Qd7 68. Ke2 Qg7 69. Kf2 Qd7 70. Qc3 Qd1 71. c5
bxc5 72. Qxc5 Qd2+ 73. Kg3 Kg6 74. Qb4 Qe2 75. a4 Kf7 76. a5 Qxe3 77. b6 axb6
78. axb6 e4 79. b7 exf3 80. gxf3 (80. b8=Q f2+ $11) 80... Qg1+ 81. Kh3 Qh1+ 82.
Kg3 Qg1+ 83. Kf4 Qh2+ 84. Ke3 Qg1+ 85. Kd2 Qf2+ 86. Kc1 Qf1+ 87. Kc2 Qe2+ 88.
Qd2 Qc4+ 89. Qc3 Qe2+ 90. Kc1 Qf1+ 91. Kb2 Qe2+ 92. Qc2 Qe5+ 93. Qc3 Qe2+ 94.
Kc1 Qf1+ 95. Kb2 Qe2+ 96. Kc1 Qf1+ 1/2-1/2

[Event "BCF-ch 82nd"]
[Site "Swansea"]
[Date "1995.??.??"]
[Round "2"]
[White "Ferguson, Mark"]
[Black "Howell, James C"]
[Result "1/2-1/2"]
[WhiteElo "2360"]
[BlackElo "2525"]
[Annotator "Bulletin"]
[PlyCount "28"]
[EventDate "1995.08.??"]
[EventType "swiss"]
[EventRounds "11"]
[EventCountry "WLS"]
[SourceTitle "EXT 1997"]
[Source "ChessBase"]
[SourceDate "1996.11.15"]
[SourceVersion "1"]
[SourceVersionDate "1996.11.15"]
[SourceQuality "1"]

1. d4 Nf6 2. Nf3 g6 3. Bf4 Bg7 4. e3 d6 5. Be2 O-O {[#]} 6. h3 {(?) - Martin.
"Played in 99% of London System games, but maybe superfluous. White can try
and save a tempo as follows:} (6. c4 {in this position. For instance} Nh5 (6...
c5 7. Nc3 {and if now} Qb6 8. Qd2 {is slightly better for White. Or the
traditional}) (6... Nbd7 7. Nc3 Qe8 8. O-O e5 9. Bg5 h6 10. Bh4 g5 11. Bg3 Nh5
12. dxe5 dxe5 (12... Nxg3 13. hxg3 Nxe5 14. Qc2 {With the idea of doubling
rooks on the d-file and playing Nd5.}) 13. Bxe5 Nxe5 14. Nxe5 Qxe5 15. Bxh5) 7.
Bg5 h6 8. Bh4 g5 9. Bg3 (9. Nfd2 $6 gxh4 10. Bxh5 c5 $44) 9... Nxg3 10. hxg3 {
idea Nc3, Qc2, 0-0-0}) 6... c5 7. c3 Qb6 8. Qb3 Be6 9. Qxb6 axb6 10. a3 Nc6 11.
Nbd2 Na5 12. O-O Rfc8 13. Rfc1 Nb3 14. Nxb3 Bxb3 1/2-1/2

[Event "URS-ch46 First League"]
[Site "Ashkhabad"]
[Date "1978.??.??"]
[Round "15"]
[White "Jussupow, Artur"]
[Black "Tukmakov, Vladimir B"]
[Result "1/2-1/2"]
[WhiteElo "2450"]
[BlackElo "2560"]
[Annotator "Bulletin"]
[PlyCount "60"]
[EventDate "1978.10.??"]
[EventType "tourn"]
[EventRounds "17"]
[EventCountry "URS"]
[EventCategory "10"]
[SourceTitle "MCL"]
[Source "ChessBase"]
[SourceDate "1999.07.01"]
[SourceVersion "1"]
[SourceVersionDate "1999.07.01"]
[SourceQuality "1"]

1. d4 Nf6 2. Nf3 g6 3. Bf4 Bg7 4. e3 O-O 5. Be2 d6 6. h3 Nbd7 7. O-O Qe8 8. c4
e5 9. Bh2 Ne4 $1 10. Nbd2 Nxd2 11. Qxd2 e4 12. Ne1 Qe7 13. Nc2 f5 14. b4 g5 15.
c5 Nf6 16. Na3 f4 $1 17. exf4 g4 18. hxg4 (18. h4 Nh5) 18... Nxg4 19. Bxg4 Bxg4
20. Rae1 dxc5 21. dxc5 Rad8 22. Qc1 Rd3 $44 23. Re3 Rfd8 24. Qc4+ Qf7 25. Qxe4
Bf5 26. Qc4 Rxe3 27. fxe3 Rd2 28. Qxf7+ Kxf7 29. Nc4 $10 Rxa2 30. Ne5+ Bxe5
1/2-1/2

[Event "Jermuk FIDE GP (Women)"]
[Site "Jermuk"]
[Date "2012.07.20"]
[Round "4"]
[White "Khurtsidze, Nino"]
[Black "Danielian, Elina"]
[Result "1/2-1/2"]
[WhiteElo "2456"]
[BlackElo "2480"]
[Annotator "CB"]
[PlyCount "119"]
[EventDate "2012.07.16"]
[EventType "tourn"]
[EventRounds "11"]
[EventCountry "ARM"]
[EventCategory "11"]
[SourceTitle "CBM 150"]
[Source "ChessBase"]
[SourceDate "2012.09.14"]
[SourceVersion "1"]
[SourceVersionDate "2012.09.14"]
[SourceQuality "1"]

{This battle between Khurtsidze and Danielian was an intriguing affair. Black
was able to equalize after the opening phase of the game, and a few moves
later set out on a risky attempt, sacrificing an exchange to generate some
chances and demonstrating to the home crowd that she was going all out for a
win. However, the sacrifice was most probably not sound, objectively speaking,
and Black could have instead found herself in a losing position.} 1. Nf3 c5 2.
e3 Nf6 3. d4 g6 4. dxc5 Qa5+ 5. Nbd2 Qxc5 6. a3 Bg7 7. b4 Qc7 8. Bb2 O-O 9. c4
d6 10. Be2 b6 11. O-O Bb7 12. Nb3 Nbd7 13. Nfd4 Rac8 14. a4 Qb8 15. a5 d5 16.
cxd5 Bxd5 17. axb6 axb6 18. Nd2 Ne5 19. h3 Nc6 20. Nxc6 Bxc6 21. Nf3 Rfd8 22.
Qb3 Bd5 23. Qa3 Rc2 24. Be5 Qc8 $2 (24... Qa8 {would hold the position in
balance.}) 25. Nd4 Rc3 26. Qb2 Bb7 27. Ra7 Rxd4 28. exd4 Rc2 29. Qb1 Be4 (29...
Bxg2 30. Kxg2 Rxe2 {was an option.}) 30. Qd1 Nd5 31. Bd3 Bxd3 32. Qxd3 Rc3 33.
Qb5 ({White has to be winning here, e.g. after} 33. Qe4 Qd8 34. Rfa1 Rc8 35. b5
) 33... e6 34. Qa4 Bxe5 35. dxe5 {As the game progressed, Black is forced to
defend, and endeavors to hold on by establishing a solid defensive set-up.
White probs Black's defenses in attempts to find a winning possibility, but in
the end, has to share the point.} Kg7 36. Ra8 Qc6 37. b5 Qc4 38. Ra1 Qe2 39.
Qh4 Rc2 40. Rf1 Qxe5 41. Qd8 Kh6 42. Ra7 Kg7 43. Ra8 Kh6 44. Qf8+ Qg7 45. Qd6
Qf6 46. Rg8 Ne7 47. Rb8 Nd5 48. Qf8+ Qg7 49. Qxg7+ Kxg7 50. Rb7 Ra2 51. Rb1 g5
52. Rb3 Kg6 53. Rf3 f6 54. Rd3 h5 55. Rxd5 exd5 56. Rxb6 Ra1+ 57. Kh2 d4 58.
Rd6 Rb1 59. Rxd4 Rxb5 60. g3 1/2-1/2

[Event "Buenos Aires"]
[Site "Buenos Aires"]
[Date "1980.??.??"]
[Round "?"]
[White "Larsen, Bent"]
[Black "Quinteros, Miguel Angel"]
[Result "1/2-1/2"]
[WhiteElo "2590"]
[BlackElo "2515"]
[Annotator "Chekhov,V"]
[PlyCount "108"]
[EventDate "1980.10.15"]
[EventType "tourn"]
[EventRounds "13"]
[EventCountry "ARG"]
[EventCategory "13"]
[SourceTitle "MCL"]
[Source "ChessBase"]
[SourceDate "1999.07.01"]
[SourceVersion "1"]
[SourceVersionDate "1999.07.01"]
[SourceQuality "1"]

1. d4 Nf6 2. Nf3 c5 3. e3 (3. d5 $5) (3. c4 $5) 3... g6 4. Be2 b6 (4... Bg7 5.
O-O O-O 6. c4 cxd4 7. exd4 d5 8. Nc3 Nc6 $13) 5. O-O Bg7 6. a4 (6. c4 $5) 6...
O-O 7. a5 Ba6 8. Bxa6 (8. axb6 axb6 9. c4 d5 10. Nc3 cxd4 11. Nxd4 dxc4 12.
Bxc4 Bxc4 13. Rxa8 Bxf1 14. Qxf1 Qd7 $10) 8... Nxa6 9. Nc3 d5 10. Ne5 Nb4 $1
$10 11. Na4 Qc7 (11... cxd4 12. exd4 bxa5 13. Nc5 $16) 12. c3 Nc6 13. Nxc6 Qxc6
14. b4 cxb4 15. cxb4 Ne4 $15 16. Qd3 (16. Bd2 Rfc8) 16... Nd6 17. Nc3 $6 (17.
Bd2 $5) 17... b5 $1 $17 18. Bd2 Rad8 19. Rac1 Nc4 20. Ne2 f6 21. f4 f5 (21...
e5 22. fxe5 fxe5 23. dxe5 Bxe5 24. Bc3 $13) (21... e6 $5) 22. Rc2 h6 23. Nc1
Qc8 24. Nb3 g5 25. h3 (25. Nc5 $5) 25... Rd6 26. Nc5 Rg6 27. Be1 g4 28. hxg4 (
28. h4 $5 Bf6 (28... g3 29. Rf3) 29. g3) 28... Rxg4 29. Rf3 Rf6 30. Rh3 Rfg6
31. Bh4 e6 32. Qe2 Kf7 33. Rh2 Qg8 34. Nd3 Bh8 35. Qf2 Ke8 36. Qe1 Kd7 37. Qc3
Kc8 38. Ne5 Bxe5 39. dxe5 Qg7 40. Qd4 Qc7 41. Rh3 (41. Be1 $5) 41... a6 42. Kh1
Kb8 43. Be1 Qa7 44. Qxa7+ Kxa7 45. Bc3 $10 Kb7 46. Kh2 Kc6 47. Bd4 Kd7 48. g3
h5 49. Rg2 Rh6 50. Kg1 Rg8 51. Kf1 Ke7 52. Rgh2 Rgh8 53. Bc5+ Kf7 54. Ke2 R6h7
1/2-1/2

[Event "Buenos Aires"]
[Site "Buenos Aires"]
[Date "1980.??.??"]
[Round "?"]
[White "Larsen, Bent"]
[Black "Kavalek, Lubomir"]
[Result "1-0"]
[WhiteElo "2590"]
[BlackElo "2600"]
[Annotator "Chekhov,V"]
[PlyCount "131"]
[EventDate "1980.10.15"]
[EventType "tourn"]
[EventRounds "13"]
[EventCountry "ARG"]
[EventCategory "13"]
[SourceTitle "MCL"]
[Source "ChessBase"]
[SourceDate "1999.07.01"]
[SourceVersion "1"]
[SourceVersionDate "1999.07.01"]
[SourceQuality "1"]

1. d4 Nf6 2. Nf3 g6 3. Bf4 Bg7 4. e3 O-O 5. Be2 d6 6. h3 Nc6 $6 (6... Nbd7 $5
7. O-O Qe8 8. Bh2 e5 9. c3 Qe7 10. Nbd2 Re8 $13) 7. O-O Qe8 8. Bh2 e5 9. c4 $1
Bf5 (9... Qe7 10. Nc3 Re8 11. d5 (11. Nd5 Qd8) 11... Nb8 12. Nd2 e4 13. Rc1 {
/\b4,c5/}) 10. Nc3 exd4 11. exd4 $16 Ne4 (11... Qd8 12. d5 Ne7 13. Nd4 $16) 12.
Nd5 Qd8 13. Bd3 $1 Ng5 (13... Nxd4 14. Nxd4 Bxd4 15. Bxe4 $18) (13... Re8 14.
Re1 {/\g4/}) 14. Nxg5 (14. Bxf5 $2 Nxf3+ 15. Qxf3 Nxd4) 14... Bxd3 (14... Qxg5
15. Bxf5 gxf5 16. Nxc7 Rad8 17. d5 $18) 15. Qxd3 Qxg5 16. Nxc7 Rad8 (16... Rac8
$5 17. Bxd6 (17. Nb5 d5) (17. Nd5 $1 Rfd8 18. Rae1 Bxd4 19. Re4 Bxb2 20. Bf4)
17... Rfd8 18. Bg3 Rxd4) 17. d5 Ne5 18. Qb3 Qh4 19. Rac1 a6 $6 (19... Rc8 $5
20. Nb5 Nxc4 (20... Rxc4 21. Nxd6 Rb4 22. Qe3) 21. Bg3 Qe4 22. Nxd6 Nxd6 23.
Bxd6 Rxc1 24. Rxc1 Rd8 25. Ba3 Be5 26. Rd1 $14) 20. c5 (20. Qxb7 Qe7 21. Qb6
Rb8 22. Qa5 Rxb2) 20... dxc5 21. Rxc5 Qe7 22. Qe3 $1 $18 Qf6 23. Re1 Nd7 24.
Rc2 Qb6 25. Qxb6 Nxb6 26. d6 Bf6 27. g4 (27. b3 $5) 27... Rc8 28. Re4 Nd7 29.
Kg2 Rfd8 30. Rb4 (30. a4) 30... Rb8 (30... b6 31. Rbc4) 31. Nd5 Be5 32. Rc7
Bxh2 33. Kxh2 Ne5 34. Rb6 (34. f4 Nc6 $8 35. Ne7+ Nxe7 (35... Kf8 36. Rbxb7)
36. dxe7 Rd2+ 37. Kg3 b5 38. a4 Re8 39. axb5 axb5 40. Rxb5) 34... g5 35. Kg3
Kf8 36. Ne3 Nd7 37. Rb4 (37. Rbxb7 Rxb7 38. Rxb7 Nc5 39. Rb6 Rxd6 40. Rxd6 Ne4+
) 37... Nf6 38. Nf5 Ne8 39. Rcxb7 Rxb7 40. Rxb7 Nxd6 41. Rb6 (41. Nxd6 Rxd6 42.
a4 $18) 41... Nxf5+ 42. gxf5 Rd2 43. Kg4 $1 h6 (43... Rd4+ 44. Kxg5 Ra4 45. f6)
44. Rxh6 Rxb2 45. Rxa6 Rxf2 46. Kxg5 Kg7 47. a4 (47. f6+ Kh7 48. Ra7 Rg2+ 49.
Kh5 Kg8 50. Ra8+ Kh7 51. Rf8 Rg3 52. Rxf7+ Kh8 53. Ra7 $18) 47... Rg2+ 48. Kf4
Rf2+ 49. Kg4 Rg2+ 50. Kf3 Rh2 51. Kg3 Ra2 52. h4 Ra1 53. a5 Rg1+ 54. Kf3 Ra1
55. Ke3 Ra3+ 56. Kd4 Ra1 57. Kd5 Rf1 58. Ke5 Re1+ 59. Kd6 Rd1+ (59... Kf6 60.
Rc6 Kxf5 61. a6 Ra1 62. Ke7 $18) 60. Ke7 Re1+ 61. Re6 $1 Rb1 (61... fxe6 62.
f6+ Kg6 63. f7 Rf1 64. f8=Q Rxf8 65. Kxf8 e5 66. a6 $18) 62. Rb6 Re1+ 63. Kd7
Re4 64. f6+ Kg6 65. a6 Ra4 66. Kc7 1-0

[Event "Riga op"]
[Site "Riga"]
[Date "1995.??.??"]
[Round "?"]
[White "Ostrovsky, Alexander"]
[Black "Krakops, Maris"]
[Result "0-1"]
[WhiteElo "2355"]
[BlackElo "2475"]
[Annotator "Chekhov,V"]
[PlyCount "78"]
[EventDate "1995.??.??"]
[EventType "swiss"]
[EventRounds "9"]
[EventCountry "LAT"]
[SourceTitle "CBM 048"]
[Source "ChessBase"]
[SourceDate "1995.10.01"]
[SourceVersion "1"]
[SourceVersionDate "1995.10.01"]
[SourceQuality "1"]

1. d4 Nf6 2. Nf3 g6 3. Bf4 Bg7 4. e3 O-O 5. Be2 c5 6. c3 b6 7. O-O Bb7 8. Nbd2
d6 9. h3 Nbd7 10. a4 a6 11. Qb3 (11. Bh2 $5 Qc7 (11... Re8 12. b4 Rc8 13. Qb3
cxd4 14. cxd4 e5 15. Rfd1 e4 16. Ne1 Bd5 17. Qa3 Nb8 18. b5 $16 {Brunner,
L-Ankerst,M/Budapest/1992/1|0/29/}) (11... Rc8 $5 12. Bc4 Nb8 13. Qe2 Bh6 14.
Rfe1 Qe8 15. Bd3 Nd5 16. Be4 Qd7 $13 {Nunn,J-Forintos,G/Eksjo/1981/1|0/52/})
12. Qb1 Rac8 13. Re1 Bh6 14. e4 cxd4 15. cxd4 e5 16. d5 $14 {Dydyshko,
V-Svidler,P/Moscow olm/1994/1:0/35/}) 11... Qc7 $5 (11... Rb8 12. Rfd1 Nd5 13.
Bg3 Nc7 14. Qc2 b5 15. axb5 $14 {Hort,V-Nikolic,E/Vinkovci/1968/}) 12. Rad1 $6
(12. Rfd1 $5) 12... Bc6 $1 13. Qa3 Qb7 14. b4 cxb4 (14... Ne4 $5) 15. cxb4 Ne4
16. Nxe4 Bxe4 17. Rc1 Nf6 18. Rfd1 b5 $1 19. a5 (19. axb5 axb5 20. Qb3 Ra4 21.
Ne1 Nd5) (19. Ne1 bxa4 20. Qxa4 Nd5) 19... Rac8 $15 20. Ne1 Bd5 21. Qb2 $6 (21.
Rxc8 $5 Rxc8 22. Rc1 Rxc1 23. Qxc1 Qc6 24. Qb2) 21... Rxc1 22. Rxc1 Rc8 23. f3
$6 (23. Rxc8+ Qxc8 24. Bg5 $1) 23... Bc4 $1 $17 24. Bxc4 (24. Kf2 $6 Bxe2 25.
Kxe2 Rxc1 26. Qxc1 Nd5) 24... bxc4 25. Nc2 Nd5 26. Bg5 h6 27. Bh4 e6 28. Bg3
Qd7 29. Rb1 Rb8 (29... Nc7 $5) 30. e4 Nc7 31. Qc3 d5 32. Qe3 (32. exd5 $5 exd5
33. Re1 Rb7 34. Qe3) 32... Rb7 33. h4 $6 (33. Bxc7 $5) 33... Nb5 34. Rd1 h5 35.
Bf4 $4 dxe4 36. fxe4 e5 $19 37. Bh2 exd4 38. Qg5 d3 39. Ne3 Nc3 0-1

[Event "Lost Boys 5th"]
[Site "Antwerp"]
[Date "1997.??.??"]
[Round "2"]
[White "Ye, Rongguang"]
[Black "Van Wely, Loek"]
[Result "1-0"]
[WhiteElo "2500"]
[BlackElo "2655"]
[Annotator "ChessBase"]
[PlyCount "27"]
[EventDate "1997.08.01"]
[EventType "tourn"]
[EventRounds "7"]
[EventCountry "BEL"]
[EventCategory "15"]
[SourceTitle "CBM 061"]
[Source "ChessBase"]
[SourceDate "1997.11.23"]
[SourceVersion "1"]
[SourceVersionDate "1997.11.23"]
[SourceQuality "1"]

1. d4 Nf6 2. Nf3 g6 3. Bg5 Bg7 4. Nbd2 O-O 5. e3 d6 6. Bc4 c5 7. c3 b6 $4 {
[%cal Rd5a8]} (7... Nbd7 8. O-O Qc7 9. Qc2 a6 10. a4 b6 11. e4 e6 12. Rfe1 Bb7
13. Bf1 cxd4 14. Nxd4 Rfe8 15. N4b3 d5 16. exd5 Ng4 17. g3 Bxd5 18. c4 Bb7 19.
Bg2 Bxg2 20. Kxg2 h6 21. Be3 Nxe3+ 22. Rxe3 {Lados,P-Danailov,S/Warsaw op 1990/
EXT 90op2/0-1 (34)}) (7... Na6 8. O-O Nc7 9. Qe2 Qe8 10. Rfd1 b5 11. Bb3 Bb7
12. a4 c4 13. Bc2 a6 14. e4 e5 15. dxe5 dxe5 16. b3 cxb3 17. Nxb3 bxa4 18. Na5
Bc8 19. Bxa4 Bd7 20. Bxd7 Nxd7 21. Nb7 Nb6 22. Be3 {Szilagyi,G-Tapaszto,L/
HUN-ch 1955/MCL 07/1-0 (41)}) (7... Qb6 8. Qb3 Nc6 9. O-O h6 10. Bxf6 exf6 11.
dxc5 dxc5 12. Qxb6 axb6 13. Rfd1 f5 14. a4 Na5 15. Bd5 Be6 16. Bxe6 fxe6 17.
Kf1 Rfd8 18. Ke2 Kf7 19. Ne1 Rd7 20. Nc2 Ke7 21. Rab1 Rc8 22. Na3 {Spiridonov,
N-Huzman,A/Cannes op 1992/TD 92\04/1-0 (43)}) 8. Bxf6 Bxf6 9. Bd5 Ba6 10. Bxa8
d5 11. c4 dxc4 12. O-O cxd4 13. exd4 Bxd4 14. Nxc4 1-0

[Event "Montreal International"]
[Site "Montreal"]
[Date "1979.05.03"]
[Round "17"]
[White "Hort, Vlastimil"]
[Black "Huebner, Robert"]
[Result "1/2-1/2"]
[WhiteElo "2600"]
[BlackElo "2595"]
[Annotator "ChessBase"]
[PlyCount "35"]
[EventDate "1979.04.11"]
[EventType "tourn"]
[EventRounds "18"]
[EventCountry "CAN"]
[EventCategory "15"]
[SourceTitle "MCL"]
[Source "ChessBase"]
[SourceDate "1999.07.01"]
[SourceVersion "1"]
[SourceVersionDate "1999.07.01"]
[SourceQuality "1"]

1. d4 c5 2. e3 (2. d5 {main line}) 2... Nf6 3. Nf3 g6 4. dxc5 Qa5+ 5. Nbd2 Qxc5
6. c4 Bg7 7. b3 O-O (7... Ne4 $2 8. Nxe4 $18) 8. Bb2 Nc6 9. Be2 d5 10. O-O dxc4
11. Nxc4 Rd8 12. Qc1 Be6 13. Nd4 Nxd4 14. Bxd4 Qc7 15. Be5 Qc5 16. Bd4 Qc7 17.
Be5 Qc5 18. Bd4 1/2-1/2

[Event "London Lord John Cup"]
[Site "London"]
[Date "1977.??.??"]
[Round "4"]
[White "Kotov, Alexander"]
[Black "Lambert, Glenn EJ"]
[Result "1-0"]
[WhiteElo "2400"]
[BlackElo "2420"]
[Annotator "ChessBase"]
[PlyCount "82"]
[EventDate "1977.09.??"]
[EventType "tourn"]
[EventRounds "9"]
[EventCountry "ENG"]
[EventCategory "10"]
[SourceTitle "EXT 1999"]
[Source "ChessBase"]
[SourceDate "1998.11.16"]
[SourceVersion "1"]
[SourceVersionDate "1998.11.16"]
[SourceQuality "1"]

1. d4 Nf6 2. Nf3 g6 3. Bf4 Bg7 4. e3 O-O 5. Nbd2 d6 6. h3 c5 7. c3 Nc6 8. Bc4
a6 9. a4 cxd4 10. exd4 e5 11. Be3 e4 12. Nh2 d5 13. Ba2 Be6 14. O-O Ne7 15. Nb3
Nd7 16. Qd2 Nf5 17. Bf4 Qe7 18. f3 Nd6 19. Na5 Rfc8 20. Bxd6 Qxd6 21. fxe4 dxe4
22. Nxb7 Qb6 23. Bxe6 Qxe6 24. Qf2 Qd5 25. Nc5 Nxc5 26. dxc5 Qxc5 27. Qxc5 Rxc5
28. Rad1 f5 29. g4 Rb8 30. Rf2 Be5 31. Nf1 f4 32. Re2 f3 33. Red2 Bc7 34. Ne3
Bb6 35. Kf1 h5 36. Rd6 Rg5 37. h4 Bxe3 38. hxg5 hxg4 39. Rxg6+ Kf7 40. Rdd6 Re8
41. Rdf6+ Ke7 {Lambert resigned when Kotov pointed out the "winning" line -
but in fact Black has more winning chances!} (41... Ke7 42. Rd6 $5 (42. Rg7+
Kd8 43. Rd6+ Kc8 44. Rxa6 Kb8 45. a5 g3 46. Rb6+ Bxb6 47. axb6 e3 $19) (42.
Rxa6 g3 $19) (42. Re6+ Kd7 43. Rxe8 g3 $3 $19 (43... Kxe8 $4 44. Re6+ {Rxe4+-})
) 42... g3 43. Rge6+ $10) 1-0

[Event "Frunze"]
[Site "Frunze"]
[Date "1989.??.??"]
[Round "?"]
[White "Lin, Weiguo"]
[Black "Yurtaev, Leonid"]
[Result "0-1"]
[WhiteElo "2465"]
[BlackElo "2505"]
[Annotator "ChessBase"]
[PlyCount "118"]
[EventDate "1989.08.??"]
[EventType "tourn"]
[EventRounds "11"]
[EventCountry "URS"]
[EventCategory "8"]
[SourceTitle "CBM 015"]
[Source "ChessBase"]
[SourceDate "1990.04.01"]
[SourceVersion "1"]
[SourceVersionDate "1990.04.01"]
[SourceQuality "1"]

1. d4 Nf6 2. Nf3 g6 3. Bf4 Bg7 4. e3 O-O 5. Be2 d6 6. h3 Nc6 7. Nc3 Nd7 8. e4
h6 9. Qd2 Kh7 10. Be3 e5 11. dxe5 dxe5 12. O-O-O f5 13. Qd5 Qe7 14. Qc4 Nb6 15.
Qb5 fxe4 16. Nxe4 Nd4 17. Bxd4 exd4 18. Bd3 Rf5 19. Neg5+ hxg5 20. Bxf5 Bxf5
21. Rde1 Qf6 22. h4 g4 23. Ng5+ Kh6 24. Qb3 d3 25. cxd3 Qc6+ 26. Qc2 Qxc2+ 27.
Kxc2 Nd5 28. a3 Kh5 29. g3 Rf8 30. Re2 Rf6 31. Ne4 Rb6 32. Kc1 a5 33. Rhe1 a4
34. Rc2 Rb5 35. Ree2 b6 36. Rc4 Rb3 37. Rxa4 Rxd3 38. Ra8 Rd4 39. Nd2 Kh6 40.
Ree8 Kh7 41. f3 Rxd2 $1 42. Kxd2 gxf3 43. Rad8 Nf6 44. Re7 Bh3 45. Ke3 Bg2 46.
Rxc7 Ng4+ 47. Kd2 f2 48. Rdd7 Nf6 $3 (48... f1=Q 49. Rxg7+ Kh8 50. Rgf7 Nf6 51.
Rf8+) 49. Rxg7+ Kh6 50. g4 f1=Q 51. g5+ Kh5 52. gxf6 Qf2+ 53. Kd3 Bf1+ 54. Ke4
Qf5+ 55. Ke3 Qe5+ 56. Kd2 Qxb2+ 57. Ke3 Qxf6 58. Rh7+ Kg4 59. Ra7 Qf4# 0-1